000 00518nam a2200193Ia 4500
003 GCL
008 140319s9999 xx 000 0 eng d
040 _aGCL /
_cGCL
082 0 4 _a913.9
_bA M
100 1 _aALY, MOHAMED F.
245 1 0 _aMUSLIM NAVAL ORGANISATI: EASTERN /
_cALY, MOHAMED F.
260 _a[S.N] :
_bTHE CSENERAL EGYPTIAN BOOK ORGANZITION ،
_c1980
300 _a204 P
650 0 4 _aMEDITERRANEAN SEA
650 0 4 _aنجد
650 0 4 _aNAVY
650 0 4 _aMUSLIM - ORGANISATION
942 _2ddc
_cBK
999 _c16692
_d16692